000 00286nam a2200121Ia 4500
008 191201s2007 xx 000 0 und d
100 _aFIORE, Neil
245 0 _aAwaken Your Strongest Self
260 _aN.Delhi
_bTMH
_c2007
300 _a240
650 _aGeneral Books
942 _2ddc
_cBK
999 _c3321
_d3321